000 00530nam a2200181Ia 4500
005 20250508152443.0
008 008 250505s9999 xx 000 0 eng d
037 _aTextual
040 _aFEDL
_beng
_cFEDL
041 _aeng
_2eng
084 _a954, ELW
_qFEDL
100 _aElwin Verrier Ed.
_9104620
245 0 _aIndia's North-East frontier in the nineteenth century
260 _aLondon, UK
_bOxford University Press
_c1959
300 _axxxii,473p.
942 _cTEXL
_h954, ELW
999 _c1336519
_d1336519